Statistics for All Dependent Territories In The World

Click here to take the quiz!

General Stats

  • This quiz has been taken 150 times
    (120 since last reset)
  • The average score is 13 of 23

Answer Stats

ContinentControlled By:Dependent Territory% Correct
AsiaIsraelPalestine
88%
North America/EuropeDenmarkGreenland
80%
EuropeDenmarkFaroe Islands
78%
EuropeUnited KingdomGibraltar
74%
North AmericaUnited StatesPuerto Rico
66%
North AmericaUnited KingdomBermuda
64%
North AmericaUnited StatesUS Virgin Islands
64%
AsiaChinaHong Kong
63%
AsiaChinaMacau
62%
North AmericaFranceGuadeloupe
60%
EuropeSweden/FinlandÄland
58%
North AmericaFranceMartinique
57%
North AmericaUnited KingdomAnguilla
52%
North AmericaUnited KingdomCayman Islands
52%
Oceania/AsiaAustraliaChristmas Island
51%
OceaniaUnited StatesAmerican Samoa
50%
North AmericaNetherlandsSint Maarten
50%
North AmericaUnited KingdomTurks And Caicos
48%
North AmericaUnited KingdomMontserrat
47%
North AmericaFranceSaint Barthelemy
41%
OceaniaAustraliaNorfolk Island
40%
Antarctica/AfricaAustraliaHeard And McDonald Islands
10%
South AmericaUnited KingdomSouth Georgia And The South Sandwich Islands
9%

Score Distribution

Percentile by Number Answered

Percent of People with Each Score

Your Score History

You have not taken this quiz since the last reset